000 00957nam a2200301 i 4500
001 000028563
003 DO-SdBNP
005 20260202074641.0
007 ta
008 110411s2010 dr a 000 f spa d
020 _a9789945003475
040 _aDO-SdBNP
_bspa
_cBNPHU
_erda
041 _aspa
082 4 _aRD863.44
_bS787c 2010
_222
100 1 _aStanley, Avelino,
_d1959-
_eautor
_91536
_4AUT.
245 1 0 _aChichiguas que me llevan a las nubes :
_bnovela infantil /
_cAvelino Stanley.
250 _aPrimera edición
264 _aSanto Domingo :
_bCocolo Editorial,
_c2010.
300 _a82 páginas :
_bilustraciones ;
_c22 cm.
336 _ardacontent
_btexto
_2txt
337 _ardamedia
_bsin mediación
_2n
338 _ardacarrier
_bvolumen
_2nc
590 _aInventariado, 2020 /LP
650 4 _aNovela infantil dominicana
_933379
650 0 _aLiteratura dominicana.
_967
910 _aValidado. Control de calidad MFF
942 _2ddc
_cLBS1
999 _c28055
_d28055